|
|
|
|
| LEADER |
01015aam a22003498a 4500 |
| 001 |
00035349 |
| 005 |
20171026081023.0 |
| 008 |
161202s2010 ||||||Viesd |
| 041 |
0 |
# |
|a Vie
|
| 082 |
1 |
# |
|a 362.4
|b D107S
|
| 245 |
1 |
0 |
|a Danh sách các tổ chức của người khuyết tật Việt Nam năm 2010
|
| 260 |
# |
# |
|a Hà Nội
|b Diễn đàn người khuyết tật Việt Nam
|c 2010
|
| 300 |
# |
# |
|a 151tr
|c 21cm.
|
| 653 |
# |
# |
|a Hoạt động
|
| 653 |
# |
# |
|a Người khuyết tật
|
| 653 |
# |
# |
|a Tổ chức
|
| 852 |
# |
# |
|b Kho mượn
|j KM.0018474, KM.0020453, KM.0018466, KM.0020463
|
| 852 |
# |
# |
|b Kho đọc
|j KD.0017398
|
| 852 |
# |
# |
|j KM.0020453
|j KM.0020463
|j KD.0017398
|j KM.0018474
|j KM.0018466
|
| 910 |
|
|
|d 02/12/2016
|
| 980 |
# |
# |
|a Trung tâm Học liệu Lê Vũ Hùng, Trường Đại học Đồng Tháp
|